Demian: the story of Emil Sinclair's youth

Uloženo v:
Podrobná bibliografie
Hlavní autor: Hesse, Hermann (autor)
Médium: Kniha
Jazyk:angličtina
Vydáno: Nueva York Bantam Books 1969
Edice:Bantam Modern Classic
Témata:
Tagy: Přidat tag
Žádné tagy, Buďte první, kdo vytvoří štítek k tomuto záznamu!

MARC

LEADER 00000nam a2200000 a 4500
001 UCP2836
003 CL-VaPUC
008 990604e19690000US |||||||||||||||||eng|d
082 0 4 |a 833  |b HES  |2 21 
100 |a Hesse, Hermann  |e autor  |9 546760 
245 1 0 |a Demian: the story of Emil Sinclair's youth 
300 |a 143 p 
942 |c BK 
945 |d 19990604 00:00:00  |a rbrito 
260 |a Nueva York  |b Bantam Books  |c 1969 
650 0 |a Novelas alemanas   |9 265783 
583 |a last modification  |c 19990604 00:00:00  |k Rodrigo Vera 
490 0 |a Bantam Modern Classic 
999 |c 281305  |d 281303 
952 |0 0  |1 0  |4 0  |6 833_000000000000000_HES_1969  |7 0  |8 A  |9 322012  |a BIBEDU  |b BIBEDU  |d 2019-11-20  |i 3528197  |l 1  |o 833 HES 1969  |p 3528197  |r 2023-04-24  |s 2023-04-19  |w 2019-11-20  |y BK  |k LIT